000 00377nam a2200133Ia 4500
008 151001s9999||||xx |||||||||||||| ||und||
100 _aआशा जोशी
245 _aअल्लाउदिन आणि जादूचा दिवा
250 _a1
260 _bसदभिरुची प्रकाशन
260 _c1907
300 _a107
365 _b7
999 _c952320
_d952317